00832nam a22002417a 45000010005000000030006000050050017000110080041000280200018000690400029000870500016001160820010001321000025001422450111001672600053002783000045003315050007003765200084003835210018004675210018004856500052005037000035005559420FISKH20260106120043.0260106b cb ||||| |||| 00| 0 eng d a9780553371086 aFISKHbengcFISKHdFISKH aPZ8.M2977 I a398.2 aMann, Kenny eAuthor aI am not afraid /cBased on a Masai tale by Kenny Mann ; illustrated by Richard Leonard and Alfredo Alcala aNew York :bA Bantam Little Rooster Book ;c1993 a31 pages :bcolor illustrations ;c23 cm aJ  aAfter a visit from a hungry demon, a boy learns courage from his older brother.8 a460 bLexile 8 aJ bRaz-Plus  aChildren's literature vChildren's picture book aLeonard, Richard eIllustrator